000 00425nam a2200181Ia 4500
001 10952
005 20260306161910.0
008 260306t1987||||xx |||||||||||||| ||spa||
041 _aESP
082 _a985
_bB26 1987
100 _aBasadre, Jorge
_eAUT
245 0 _aPerú:
_bproblema y posibilidad
260 _c1987
300 _a425 páginas :
_c20 cm.
650 _aGEN
654 _aCHU
942 _cLIB
_dJUS
_fJUS
_2ddc
_n
999 _c10952
_d10952